<?xml version="1.0" encoding="UTF-8"?>
<record
    xmlns:xsi="http://www.w3.org/2001/XMLSchema-instance"
    xsi:schemaLocation="http://www.loc.gov/MARC21/slim http://www.loc.gov/standards/marcxml/schema/MARC21slim.xsd"
    xmlns="http://www.loc.gov/MARC21/slim">

  <leader>02845nam a2200277 a 4500</leader>
  <controlfield tag="001"> </controlfield>
  <controlfield tag="003">DO-SdBNP</controlfield>
  <controlfield tag="005">20220406082610.0</controlfield>
  <controlfield tag="008">100406s2009dr abc        000 0 spa d</controlfield>
  <datafield tag="040" ind1=" " ind2=" ">
    <subfield code="a">DO-SdBNP</subfield>
    <subfield code="b">spa</subfield>
    <subfield code="c">BPMSU</subfield>
  </datafield>
  <datafield tag="082" ind1=" " ind2=" ">
    <subfield code="a">362.1783</subfield>
    <subfield code="b">R311i</subfield>
    <subfield code="2">22</subfield>
  </datafield>
  <datafield tag="245" ind1="1" ind2="0">
    <subfield code="a">Recomendaciones, informes y documentos. /</subfield>
    <subfield code="c">pr&#xF3;logo Fernando Raul Morales Billini;.</subfield>
  </datafield>
  <datafield tag="260" ind1=" " ind2=" ">
    <subfield code="a">Santo Domingo :</subfield>
    <subfield code="b">INCORT ;</subfield>
    <subfield code="b">RCIDT,</subfield>
    <subfield code="c">2009.</subfield>
  </datafield>
  <datafield tag="300" ind1=" " ind2=" ">
    <subfield code="a">v. :</subfield>
    <subfield code="b">il. ; map.; retrs.</subfield>
  </datafield>
  <datafield tag="505" ind1="0" ind2=" ">
    <subfield code="a">v. 1 :</subfield>
    <subfield code="t">Pr&#xF3;logo --</subfield>
    <subfield code="t">Pa&#xED;ses que integran el RCIDT --</subfield>
    <subfield code="t">Declaraci&#xF3;n de Mar de Plata --</subfield>
    <subfield code="t">Introducci&#xF3;n --</subfield>
    <subfield code="t">Recomendaciones y documentos elaborados por el comit&#xE9; de la Red/Consejo Iberoamericano de Donaci&#xF3;n y Trasplante. A&#xF1;os 2005-2008 --</subfield>
    <subfield code="t">Datos de actividad de donaci&#xF3;n y trasplante de &#xF3;rganos. A&#xF1;os 2005-2008 --</subfield>
    <subfield code="t">Datos sobre la actividad de donaci&#xF3;n y trasplante de &#xF3;rganos, tejidos y c&#xE9;lulas. A&#xF1;o 2007 --</subfield>
    <subfield code="t">Glosario de t&#xE9;rminos --</subfield>
    <subfield code="t">Informes --</subfield>
    <subfield code="t">Anexos --</subfield>
  </datafield>
  <datafield tag="505" ind1="0" ind2=" ">
    <subfield code="a">v. 2 :</subfield>
    <subfield code="t">Pr&#xF3;logo --</subfield>
    <subfield code="t">Recomendaciones sobre comunicaci&#xF3;n de la donaci&#xF3;n y el trasplante --</subfield>
    <subfield code="t">Recomendaci&#xF3;n REC - RCIDT - 2009 (11) sobre determinaciones serol&#xF3;gicas en los donantes de &#xF3;rganos --</subfield>
    <subfield code="t">Recomendaci&#xF3;n REC - RCIDT - 2009 (12) sobre mantenimiento del donante multiorg&#xE1;nico --</subfield>
    <subfield code="t">Recomendaci&#xF3;n REC - RCIDT - 2009 (13) sobre financieamiento del sistena nacional de donaci&#xF3;n y trasplante de &#xF3;rganos --</subfield>
    <subfield code="t">Recomendaci&#xF3;n REC - RCIDT - 2010 (14) a las autoridades sanitarias de los estados miembros sobre pol&#xED;ticas relacionadas a terapias celulares --</subfield>
    <subfield code="t">Recomendaci&#xF3;n REC - RCIDT - 2010 (15) sobre principios aplicados a la gesti&#xF3;n de listas de espera para trasplante --</subfield>
    <subfield code="t">Recomendaci&#xF3;n REC - RCIDT - 2012 (16) sobre comunicaci&#xF3;n en donaci&#xF3;n y trasplante --</subfield>
    <subfield code="t">Recomendaci&#xF3;n REC - RCIDT - 2012 (17) sobre pr&#xE1;cticas gerenciales para organismos de coordinaci&#xF3;n y gesti&#xF3;n de donaci&#xF3;n y trasplante en Iberoam&#xE9;rica --</subfield>
    <subfield code="t">Gu&#xED;a/Recomendaci&#xF3;n REC - RCIDT - 2012 (18) sobre comunicaci&#xF3;n en donaci&#xF3;n y trasplante --</subfield>
    <subfield code="t">Declaraci&#xF3;n de Quito sobre terapias celulares sin evidencia demostrada --</subfield>
    <subfield code="t">Comunicaci&#xF3;n de la Red/Consejo Iberoamericano de donaci&#xF3;n y trasplante (RCIDT) a las autoridades sanitarias, profesionales de la salud y a la opini&#xF3;n p&#xFA;blica en general de los estados miembros--</subfield>
    <subfield code="t">Real decreto 1723/2012 --</subfield>
    <subfield code="t">Directiva 2010/53/UE del parlamento Europeo y del consejo --</subfield>
    <subfield code="t">Acceso a c&#xE9;lulas y tejidos seguros y efectivos --</subfield>
  </datafield>
  <datafield tag="650" ind1=" " ind2="4">
    <subfield code="a">Trasplantes de &#xF3;rganos, tejidos, etc</subfield>
    <subfield code="v">Informes</subfield>
  </datafield>
  <datafield tag="650" ind1=" " ind2="4">
    <subfield code="a">Donaci&#xF3;n de &#xF3;rganos</subfield>
  </datafield>
  <datafield tag="650" ind1=" " ind2="4">
    <subfield code="a">Atenci&#xF3;n m&#xE9;dica.</subfield>
  </datafield>
  <datafield tag="700" ind1="1" ind2=" ">
    <subfield code="a">Morales Billini, Fernando Raul</subfield>
    <subfield code="e">pr&#xF3;logo </subfield>
  </datafield>
  <datafield tag="710" ind1="2" ind2=" ">
    <subfield code="a">Instituto Nacional de Coordinaci&#xF3;n de Trasplante (Rep&#xFA;blica Dominicana)</subfield>
  </datafield>
  <datafield tag="710" ind1="2" ind2=" ">
    <subfield code="a">Consejo Iberoamericano de Donaci&#xF3;n y Trasplante </subfield>
  </datafield>
  <datafield tag="710" ind1="1" ind2=" ">
    <subfield code="a">Red/Consejo Iberoamericano de Donaci&#xF3;n y Trasplante</subfield>
  </datafield>
  <datafield tag="910" ind1=" " ind2=" ">
    <subfield code="a">VMateo V. </subfield>
  </datafield>
  <datafield tag="942" ind1=" " ind2=" ">
    <subfield code="2">ddc</subfield>
    <subfield code="c">BK</subfield>
  </datafield>
  <datafield tag="952" ind1=" " ind2=" ">
    <subfield code="0">0</subfield>
    <subfield code="1">0</subfield>
    <subfield code="2">ddc</subfield>
    <subfield code="4">0</subfield>
    <subfield code="7">0</subfield>
    <subfield code="8">CD</subfield>
    <subfield code="a">BPMET</subfield>
    <subfield code="b">BPMET</subfield>
    <subfield code="d">2015-04-24</subfield>
    <subfield code="l">0</subfield>
    <subfield code="o">BPMSU CD 362.1783 R311i 2009</subfield>
    <subfield code="p">BPMSU15040009</subfield>
    <subfield code="r">2015-04-24</subfield>
    <subfield code="t"> v.1</subfield>
    <subfield code="w">2015-04-24</subfield>
    <subfield code="y">BK</subfield>
  </datafield>
  <datafield tag="999" ind1=" " ind2=" ">
    <subfield code="c">7697</subfield>
    <subfield code="d">7697</subfield>
  </datafield>
</record>
